Gunki hogohō ni kansuru giji sokkiroku narabini iinkaigiroku : daishichijikkai daishichijūikkai Teikoku Gikai /
Saved in:
| Corporate Authors: | , |
|---|---|
| Format: | Book |
| Language: | Japanese |
| Published: |
Kyōto :
Tōyō Bunkasha,
1974.
|
| Series: | Shakai mondai shiryō sōsho.
Shisō kenkyū shiryō. Tokushū ; dai 38-gō. |
| Subjects: | |
| Tags: |
Add Tag
No Tags, Be the first to tag this record!
|
| LEADER | 01696nam a2200349 a 4500 | ||
|---|---|---|---|
| 001 | 007741382-2 | ||
| 005 | 20024617120653.0 | ||
| 008 | 910927r19741937ja 000 0 jpn | ||
| 010 | |a 75804536 /J | ||
| 015 | |a Ja75-4026 | ||
| 035 | 0 | |a ocm24463032 | |
| 040 | |a DLC |c NcD |d OCoLC |d *YNH* |d CStRLIN | ||
| 110 | 1 | |6 880-01 |a Japan. |b Teikoku Gikai. | |
| 245 | 1 | 0 | |6 880-02 |a Gunki hogohō ni kansuru giji sokkiroku narabini iinkaigiroku : |b daishichijikkai daishichijūikkai Teikoku Gikai / |c Shakai Mondai Shiryō Kenkyūkai hen. |
| 260 | |6 880-03 |a Kyōto : |b Tōyō Bunkasha, |c 1974. | ||
| 300 | |a 1, 5, 618 p. ; |c 22 cm. | ||
| 490 | 1 | |6 880-04 |a Shakai mondai shiryō sōsho. Dai 1-shū | |
| 500 | |6 880-05 |a Reprint of the 1937 ed., which was issued as no. 38 of Shisō kenkyū shiryō tokushū. | ||
| 650 | 0 | |a Defense information, Classified |z Japan. | |
| 710 | 2 | |6 880-06 |a Shakai Mondai Shiryō Kenkyūkai (Kyoto, Japan) | |
| 880 | 1 | |6 110-01 |a Japan. |b 帝国議会. | |
| 880 | 1 | 0 | |6 245-02 |a 軍機保護法に関する議事速記錄竝委員会議錄 : |b 第七十回第七十一回帝国議会 / |c 社会問題資料研究会編. |
| 880 | |6 260-03 |a 京都 : |b 東洋文化社, |c 1974. | ||
| 880 | 1 | |6 490-04 |a 社会問題資料叢書. 第1輯 | |
| 880 | |6 500-05 |a Reprint of the 1937 ed., which was issued as no. 38 of 思想研究資料特輯. | ||
| 880 | 2 | |6 710-06 |a 社会問題資料研究会 (Kyoto, Japan) | |
| 830 | 0 | |6 880-54 |a Shakai mondai shiryō sōsho. |n Dai 1-shū. | |
| 880 | 0 | |6 830-54 |a 社会問題資料叢書. |n 第1輯. | |
| 830 | 0 | |6 880-07 |a Shisō kenkyū shiryō. |p Tokushū ; |v dai 38-gō. | |
| 880 | 0 | |6 830-07 |a 思想研究資料. |p 特輯 ; |v 第38号. | |
| 988 | |a 20021214 | ||
| 906 | |0 DLC | ||


